| 000 | 00848nam a22001697a 4500 | ||
|---|---|---|---|
| 005 | 20260616114327.0 | ||
| 020 | _a9781544529905 | ||
| 041 | _aENG | ||
| 082 |
_a658.4 _bMCD |
||
| 100 | _aMcDowell, Kyle | ||
| 245 |
_aBegin with we : _b10 principles for building and sustaining a culture of excellence / _cKyle McDowell |
||
| 260 |
_aUSA : _bLioncrest Publication, _c2022. |
||
| 300 |
_a321 pages ; _c24 cm. |
||
| 505 | _a1. WE do the right thing. Always. -- 2. WE lead by example. -- 3. WE say what WE're going to do. Then WE do it. -- 4. WE take action. -- 5. WE own our mistakes. -- 6. WE pick each other up. -- 7. WE measure ourselves by outcomes, not activity. -- 8. WE challenge each other. Diplomatically. -- 9. WE embrace challenge. -- 10. WE obsess over details. Details matter. A lot. | ||
| 650 | _aExecutive management | ||
| 942 |
_2ddc _cBK |
||
| 999 |
_c24365 _d24365 |
||